Đọc ở bậc đại học Cẩm nang dành cho sinh viên

TM tài liệu tham khảo tr. 254-256; Trình bày suy nghĩ về việc đọc và bản thân như một đọc giả; Đọc với tư cách là sinh viên; Phát triển kỹ năng độc giả của bạn; Đọc chủ động: phát triển mối liên kết với văn bản với tác giả; Quyết định đọc...

وصف كامل

محفوظ في:
التفاصيل البيبلوغرافية
المؤلف الرئيسي: Fairbairn, Gavin J
مؤلفون آخرون: Fairbairn, Susan A
التنسيق: كتاب
اللغة:Undetermined
منشور في: Trường Đại học Thủ Dầu Một
الموضوعات:
الوصول للمادة أونلاين:http://lrc.tdmu.edu.vn/opac/search/detail.asp?aID=2&ID=40413
الوسوم: إضافة وسم
لا توجد وسوم, كن أول من يضع وسما على هذه التسجيلة!
Thư viện lưu trữ: Trung tâm Học liệu Trường Đại học Thủ Dầu Một
LEADER 01225nam a2200193Ia 4500
001 TDMU_40413
008 210410s9999 xx 000 0 und d
082 |a 158.1 
100 |a Fairbairn, Gavin J 
245 0 |a Đọc ở bậc đại học 
245 0 |b Cẩm nang dành cho sinh viên 
245 0 |c Gavin J. Fairbairn, Susan A. Fairbairn; Đinh Hồng Phúc, Lê Thị Ngọc Hà (dịch) 
260 |b Trường Đại học Thủ Dầu Một 
300 |a 256 tr 
520 |a TM tài liệu tham khảo tr. 254-256; Trình bày suy nghĩ về việc đọc và bản thân như một đọc giả; Đọc với tư cách là sinh viên; Phát triển kỹ năng độc giả của bạn; Đọc chủ động: phát triển mối liên kết với văn bản với tác giả; Quyết định đọc gì; Đọc và ghi chú; Đọc và viết; Đọc ở đâu và khi nào? 
650 |a Giáo dục đại học  |x Sinh viên; Đọc  |x Hướng dẫn đọc 
700 |a Fairbairn, Susan A 
856 |u http://lrc.tdmu.edu.vn/opac/search/detail.asp?aID=2&ID=40413 
980 |a Trung tâm Học liệu Trường Đại học Thủ Dầu Một